[Event "EU-ch 2nd"]
[Site "Ohrid"]
[Date "2001.06.04"]
[Round "4"]
[White "Gunnarsson, Jon Viktor"]
[Black "Slobodjan, Roman"]
[Result "1-0"]
[WhiteElo "2366"]
[BlackElo "2529"]
[Annotator "Lukacs,P"]
[PlyCount "45"]
[EventDate "2001.06.01"]
[EventType "swiss"]
[EventRounds "13"]
[EventCountry "YUG"]
[SourceTitle "CBM 084"]
[Source "ChessBase"]
[SourceDate "2001.09.13"]
[SourceVersion "1"]
[SourceVersionDate "2001.09.13"]
[SourceQuality "1"]

1. e4 e5 2. Nf3 Nc6 3. Bc4 Nf6 4. d3 Bc5 5. O-O d6 6. c3 a6 7. Bb3 Ba7 8. Nbd2
Ne7 9. Re1 Ng6 {This is still a popular plan in the Italian Game. The N on c6
is not particularly well-placed, and on g6 he has better perspectives.} 10. Nf1
O-O 11. Ng3 (11. h3 {can be met by} Nh5 {against Ng3.} 12. Bg5 Qe8 13. Nh4 Nhf4
{The N is usually well-placed on f4 putting pressure on the dark squares.} 14.
Nxg6 Nxg6 15. Ng3 Kh8 {/\ f6} 16. Nf5 Be6 17. Qh5 f6 18. Be3 Qf7 19. Bxe6 Qxe6
20. Qg4 Qf7 21. Bxa7 Rxa7 22. g3 Raa8 $11 {and the position still remains
rather symmetrical, Prihotko-Grabarczyk, Bydgoszcz 1999.}) 11... Be6 (11... h6
{/\ Be6 defending against Ng5 is the other possibility.} 12. h3 Be6 13. Bxe6
fxe6 {This P structure is not bad for Black because of the opened f line, and
>< d5 and f5 are also protected.} 14. Qb3 Qd7 15. d4 c6 (15... exd4 16. cxd4 (
16. Nxd4 d5 $1 {advancing in the [+].}) 16... c6 $11 {/\ d5 with conterchances
in the [+].}) 16. Be3 exd4 17. cxd4 d5 $11 {Klinger-Flueckiger, 1989}) (11...
c6 12. h3 (12. d4 h6 13. h3 {- 12.h3} (13. Nf5 $6 {is certainly met by} d5 $1 {
Stanic-Dokmanovic, Pula 1996})) 12... h6 13. d4 Re8 14. Bc2 (14. Be3 {closes
the e <->, so} exd4 {cannot be taken back by the c P.} 15. Bxd4 c5 16. Be3 Be6
17. Bxe6 Rxe6 18. Qd3 Qe8 19. Rad1 b5 20. b3 Bb6 21. Bd2 Qc6 $11 {/\ Rae8 with
a pressure on >< e4, Shaposhnikov-Solozhenkin, Petersburg 1998.}) 14... exd4
15. cxd4 (15. Nxd4 d5 $11) 15... Be6 $11) 12. Bc2 {Usually this manoeuvre is
slow here.} ({The critical move is} 12. d4 $142 {grabbing the |^ in the [+].}
Bg4 (12... exd4 13. cxd4) 13. Be3 (13. Nf5 {is again answered by} d5 {and the
N on f5 is hanging in many lines.} 14. h3 Bxf3 15. gxf3 exd4 16. cxd4 {
(Mateus-Hussain, Elista 1998)} c6 17. Bc2 dxe4 18. fxe4 Ne7 $15) 13... exd4 (
13... Nh4 $6 {corrupts White's P structure, but loses vital tempi.} 14. Bg5
Nxf3+ 15. gxf3 Be6 16. Nh5 $40) 14. cxd4 d5 15. e5 (15. Bg5 h6) 15... Ne4 16.
h3 Nxg3 (16... Bxf3 17. Qxf3 Nxg3 18. Qxg3 $14 {Gorelli Fagiolini-Di Fonzo,
Bratto 1998}) 17. hxg4 $1 (17. fxg3 Bf5) 17... Ne4 18. Bc2 $14 {^^, /\ f2-f3})
(12. h3 h6 13. d4 $1 Re8 14. Bc2 c6 15. Be3 Qc7 16. Qd2 {looks more natural.} (
16. Qc1 {is a bit sophysticated.} Rad8 $1 (16... Kh7 17. Nf5 Bxf5 18. exf5 Nf8
19. dxe5 Bxe3 20. Qxe3 dxe5 21. Rad1 Nd5 22. Qe4 Nd7 23. Qh4 $14 {Sivokho-A.
Petrov, Petersburg, 2000}) 17. Nf5 exd4 $1 18. N3xd4 Bxf5 19. Nxf5 Bxe3 20.
Rxe3 d5 $11 {is the typical freeing move in the [+] again.}) 16... Rad8 $1 (
16... Kh7 17. Nf5 $14) 17. Nf5 exd4 $1 {is the right answer.} (17... Bxf5 $6
18. exf5 Ne7 {allows White to destroy Black's >> :} 19. Bxh6 $1 gxh6 20. Qxh6
Ned5 21. c4 $16) (17... d5 $6 18. Nxg7 $1 {is the correct way destroying
Black's defensive wall:} ({Now} 18. Bxh6 $2 {is the wrong way of sacrificing
the piece:} Nxe4 $1 {This is an important intermediate move!} 19. Bxe4 dxe4 20.
Nxg7 exf3 21. Nxe8 (21. Qg5 $6 Qe7 22. Nxe6 {(A.Rodriguez-Sorin, Pico City
1996)} Qxe6 $1 23. Rxe5 Qd6 24. Rae1 Rxe5 25. dxe5 (25. Rxe5 fxg2) 25... Qe7)
21... Rxe8 $15) 18... Kxg7 19. Bxh6+ Kg8 20. Qg5 Nh7 21. Qg3 $16) 18. N3xd4 (
18. Bxd4 Bxd4 19. N3xd4 d5 $132) 18... Bxf5 19. Nxf5 Bxe3 20. Rxe3 d5 21. exd5
Rxd5 $11) 12... Re8 13. h3 d5 $6 {Black wants to grab the |^ in the [+], but
before that he had to make a prophylactic move.} (13... h6 $142 {against Ng5
was required.}) 14. Ng5 $1 {This is the punishment.} Bc8 $5 {This is a bit
passive.} (14... dxe4 $142 {allows White to eliminate the important B, but the
_|_ was the lesser evil.} 15. Nxe6 (15. dxe4 Qxd1 16. Rxd1 Nf4 17. Nxe6 Nxe6 (
17... Rxe6 {- 15.Ne6})) 15... Rxe6 16. dxe4 Qxd1 17. Rxd1 Nf4 18. Kf1 (18. Nf5
Ne2+ 19. Kf1 Nxc1 20. Raxc1 g6) 18... g6 $14 {and White has a strong
light-squared B and ^^, but this is only the beginning of the battle.}) 15.
exd5 h6 (15... Nxd5 16. Bb3 $1 {and there are nasty threats on the a2-g8 /^,
against >< f7 and h7.} (16. Qh5 h6) 16... c6 17. Qh5 h6 18. N5e4 $36) 16. N5e4
Nxd5 17. Qf3 Be6 (17... Ndf4 $5 {/\ Nh4} 18. Bxf4 Nxf4 (18... exf4 19. Nh5 $16
{/\ d4 with a virtual P majority in the [+].}) 19. d4 $1 Qh4 $1 20. dxe5 (20.
Rad1 f5 $1 21. Nc5 e4) 20... Rxe5 21. Nd2 $1 $14 (21. Bb3 Bd7)) 18. Bb3 Ndf4 (
18... Rf8 $5 {/\ f5} 19. Nf5 Ndf4 $1) 19. Bxf4 (19. Bxe6 $6 Rxe6 20. Bxf4 exf4
21. Nf5 Re5 $15) 19... exf4 (19... Nxf4 {is met by} 20. d4 $1 (20. Bxe6 Rxe6 (
20... Nxe6 21. Nf5 $14) 21. d4 {is less clear.} Qd5 22. Nf5 Rae8 23. c4 $6 (23.
dxe5 Qxe5 $1 $15) 23... Qxc4 24. dxe5 Ng6 $1 (24... Rxe5 $2 25. Nf6+ $1 gxf6
26. Qg4+ $18) 25. Nxh6+ gxh6 26. Nf6+ Rxf6 27. exf6 Rxe1+ 28. Rxe1 Bd4) 20...
Bxb3 21. axb3 Qd5 22. b4 $14 {and White has still the somewhat better chances.}
) 20. Nh5 Bxb3 $4 {[%mdl 8192] This is a serious blunder from a strong GM!} (
20... Qh4 21. d4 Rad8) 21. Nef6+ $1 $18 {This intermediate move wins outright.
Taking back a piece is not obligatory!} gxf6 22. Rxe8+ Qxe8 23. Nxf6+ 1-0

[Event "Nagykanizsa 1st"]
[Site "Nagykanizsa"]
[Date "2003.11.10"]
[Round "6"]
[White "Vajda, Albert"]
[Black "Gyimesi, Zoltan"]
[Result "1/2-1/2"]
[WhiteElo "2477"]
[BlackElo "2537"]
[Annotator "Lukacs,P"]
[PlyCount "96"]
[EventDate "2003.11.05"]
[EventType "tourn"]
[EventRounds "11"]
[EventCountry "HUN"]
[EventCategory "11"]
[SourceTitle "CBM 099"]
[Source "ChessBase"]
[SourceDate "2004.03.30"]
[SourceVersion "1"]
[SourceVersionDate "2004.03.30"]
[SourceQuality "1"]

1. e4 e5 2. Nf3 Nc6 3. Bc4 Bc5 4. O-O Nf6 5. d3 d6 6. c3 a6 7. Bb3 O-O (7...
Ba7 {is the popular main line waiting a bit with the castles.}) 8. Bg5 {
can be the only problem with an early castles, but things are far from clear.}
h6 9. Bh4 g5 10. Bg3 {White has provoked a considerable weakness, but his B on
g3 is completely out of play.} Bg4 {Black has to fight against d4.} (10... Ba7
{looks a bit slow.} 11. Nbd2 Bg4 $1 (11... Kg7 {looks rather light-hearted.}
12. Nc4 Ne7 13. Ne3 Nh5 14. d4 {Now White gets the advantage in the [+].} f6
15. Qd2 Qe8 $14 {Kuijf-Donner, NED-ch Amsterdam 1982}) 12. h3 (12. Kh1 Bh5 $1 (
12... Kg7 13. Qe1 Qd7 14. Ng1 Ne7 15. f3 Be6 16. Nc4 Ng6 17. Ne3 Nh5 18. Bf2
Nhf4 19. Rd1 Bxe3 20. Qxe3 Bxb3 21. axb3 Qb5 $15 {Milosevic-Jenni, Zuerich op
2001}) 13. Qe1 Kg7 14. Bd1 Bg6 15. Nc4 Re8 16. Bc2 Qd7 17. Qd2 Rad8 (17... b5
18. Ne3 d5 $15) 18. a4 Nh5 19. Ne3 (19. b4 $6 d5 20. exd5 Qxd5 21. b5 e4 $17 {
Chandler-Karpov, Bath TV-A 1983}) 19... Bxe3 20. Qxe3 d5 $1 $17) 12... Bd7 {
weakening h3 but losing a "half" tempo.} (12... Bh5 $5 13. Nc4) 13. Nc4 Nh5 14.
Kh2 (14. Bh2 Nf4 15. d4) 14... Nxg3 15. fxg3 {<-> f} b5 16. Ncd2 Kg7 17. a4 Ne7
18. d4 f6 19. Qe2 Ng6 (19... g4 20. Nh4 gxh3 21. gxh3 exd4 22. Nf5+ $36) 20.
Qd3 $14 {Al Modiahki-Ch.Gabriel, Wch U18 Mamaia 1991}) 11. Nbd2 Nh5 {The black
pieces are well-activated.} (11... Ba7 {- 10...Ba7}) 12. Nc4 $6 {White forgets
about >< f3.} (12. Kh1 Qf6 13. h3 Bd7 14. d4 exd4 15. Nxd4 Nf4 16. Nxc6 Bxc6
17. Qf3 {1/2:1/2 Nunn-Pinter, Helsinki 1983}) 12... Qf6 $1 13. Ne3 ({The
prophylactic} 13. Kh1 {can be met by the prophylactic} Kh8 $5 (13... Nf4 14.
Ne3 $14) (13... Bxf3 14. gxf3 Ne7 15. Ne3) 14. Ne3 Bxe3 15. fxe3 Nxg3+ 16. hxg3
Qg6) 13... Bxf3 (13... Bxe3 14. fxe3 Nxg3 15. hxg3 Ne7 $13) 14. Qxf3 Qxf3 15.
gxf3 {Now White's B on g3 is completely entombbed.} Kh7 (15... Ne7 16. Rfd1 $11
) 16. Rad1 Ng7 17. Bd5 f6 (17... f5 18. exf5 Nxf5 19. Be4 $14) 18. Kg2 Kg6 $6 {
This looks overoptimistic.} (18... Kh8 19. b4 Ba7 20. a4 f5 21. exf5 Nxf5 $11)
19. Rh1 Ne7 20. d4 Ba7 (20... Nxd5 21. Nxd5 $16) 21. Bb3 $2 {This allows Black
to grab the |^.} (21. Bxb7 Rab8 22. Bxa6 Rxb2 23. a4 Ra2 24. Bb5 c6 25. Bc4
Rxa4 26. Ra1 Rxa1 27. Rxa1 Bb6 $14) 21... exd4 $1 22. cxd4 f5 {allows the g3 B
to come out of his grave, but} 23. exf5+ Ngxf5 {with a much better P structure
for Black.} 24. Bc2 Kg7 25. h4 Nxd4 (25... Nxh4+ 26. Bxh4 gxh4 27. Rxh4) 26.
hxg5 (26. Be4 Ng6 $1 $15 (26... gxh4 27. Rxh4 Ndf5 28. Rg4+ $16)) 26... Nxc2
27. gxh6+ Kh7 28. Nxc2 Nf5 {White's >> pawns are well-blockeded and the future
belongs to Black's advance on the other flank.} 29. Nb4 (29. Bf4 Rae8 30. Kf1
Rf6 $15) 29... Rae8 30. Rd2 Rf7 31. Nd5 Re6 32. Nf4 Rxh6 33. Rxh6+ Kxh6 34. Ne6
b5 35. Nd8 Rg7 36. Nc6 Bb6 37. Rd3 Ne7 $2 {[%mdl 8192] This is a serious
tactical blunder!} (37... Kg6 $17) 38. Nxe7 Rxe7 39. Bxd6 $1 $11 {and White
has evened out!} Re2 40. Rd2 Re6 41. Bf4+ Kg6 42. Rc2 c5 43. b3 Rc6 44. Be3 Kf5
45. Kf1 Ke5 46. Ke2 c4 47. bxc4 bxc4 48. Bxb6 Rxb6 1/2-1/2

[Event "CUB-ch"]
[Site "Holguin"]
[Date "2002.04.17"]
[Round "15"]
[White "Abreu Delgado, Aryam"]
[Black "Arencibia Rodriguez, Walter"]
[Result "1-0"]
[WhiteElo "2480"]
[BlackElo "2542"]
[Annotator "Lukacs,P"]
[PlyCount "57"]
[EventDate "2002.03.31"]
[EventType "tourn"]
[EventRounds "17"]
[EventCountry "CUB"]
[EventCategory "9"]
[SourceTitle "CBM 089"]
[Source "ChessBase"]
[SourceDate "2002.08.12"]
[SourceVersion "1"]
[SourceVersionDate "2002.08.12"]
[SourceQuality "1"]

1. e4 e5 2. Nf3 Nc6 3. Bc4 Bc5 4. c3 Nf6 5. d3 d6 6. Nbd2 a6 7. Bb3 b5 {
This is not a very useful move here.} 8. Nf1 {White wants to make use of the
fact that he didn't castle yet.} (8. O-O {The game has now a Ruy Lopez New
Arkhangelsk character with an extra tempo for White.} O-O 9. h3) 8... Bb7 (8...
d5 {is an interesting try to grab the |^ in the [+].} 9. Bg5 $1 dxe4 10. dxe4
Be6 (10... O-O 11. Qxd8 Rxd8 12. Bxf6 gxf6 13. Bd5 Bb7 14. Ng3 $14 {>< f5 is
very vulnerable.}) (10... Bb7 11. Ng3 $14) 11. Ng3 h6 (11... Qxd1+ 12. Rxd1
Bxb3 13. axb3 $14 {with some pressure on the light squares.}) 12. Bxf6 (12.
Qxd8+ Rxd8 13. Bxf6 gxf6) 12... Qxf6 13. Bxe6 (13. Bd5 {White forces the
matters...} Bd7 14. Nh5 Qg6 15. Nh4 Qg5 16. Bxf7+ {(Komliakov-Ginsburg,
Nikolaev zt 1993)} Kxf7 17. Qxd7+ Ne7 {and finally two pieces are hanging!} 18.
Nf3 Qxh5 $15) 13... Qxe6 14. Qd5 $14) 9. Ng3 Qd7 $6 {The Q is usually not
well-placed here.} (9... h6 10. O-O O-O 11. d4 Bb6 $13) 10. O-O h6 11. a4 Bb6 (
11... O-O) 12. axb5 axb5 13. Rxa8+ Bxa8 14. h3 Ne7 {This is the beginning of a
wrong plan.} (14... O-O 15. Nf5 d5 $1 $13 {was the natural reply with
counterchances in the [+].} (15... Ne7 16. N3h4 $1 (16. Nxe7+ Qxe7 17. Nh4 d5
18. exd5 Bxd5 (18... Nxd5 19. Qg4 $14) 19. Nf5 (19. Bxd5 Nxd5 20. Qg4 Qf6 21.
Nf5 Kh8) 19... Qe6 $11) 16... d5 $1 (16... Nxf5 17. Nxf5 d5 18. Nxh6+ gxh6 19.
Bxh6 Rd8 20. Qf3 $14) 17. Nxe7+ Qxe7 18. Nf5 Qe6 $13)) 15. Nh4 g5 $2 {[#] This
ugly move is punished by a nice zwischenzug!} (15... O-O 16. Qf3 $14) 16. Qf3
$1 $16 Nfd5 17. Nhf5 Nxf5 $2 {This is already the losing move.} (17... Nf4 18.
Bxf4 $1 (18. Nxe7 Qxe7 19. Nf5 Qf6) 18... gxf4 19. Nh5 $16 {was also much
better for White.}) 18. exf5 $1 $18 (18. Nxf5 Nf4 19. Bxf4 gxf4 $16) 18... Qc6
(18... c6 19. Bxd5 cxd5 20. Be3) 19. Ne4 Ne7 20. Qh5 Rf8 (20... d5 21. Bxg5 $1
$18) 21. Qxh6 Nxf5 22. Qxg5 Ne7 23. Nf6+ Kd8 24. Qg7 Ng6 25. Bd5 Qxd5 26. Nxd5
Bxd5 27. Be3 c5 28. h4 Rh8 29. Bh6 1-0

[Event "CUB-ch"]
[Site "Holguin"]
[Date "2002.04.07"]
[Round "7"]
[White "Gonzalez Vidal, Yuri"]
[Black "Gomez Fontal, Felix Manuel"]
[Result "1-0"]
[WhiteElo "2444"]
[BlackElo "2406"]
[Annotator "Lukacs,P"]
[PlyCount "49"]
[EventDate "2002.03.31"]
[EventType "tourn"]
[EventRounds "17"]
[EventCountry "CUB"]
[EventCategory "9"]
[SourceTitle "CBM 089"]
[Source "ChessBase"]
[SourceDate "2002.08.12"]
[SourceVersion "1"]
[SourceVersionDate "2002.08.12"]
[SourceQuality "1"]

1. e4 e5 2. Nf3 Nc6 3. Bc4 Nf6 4. d3 Bc5 5. c3 a6 6. Bb3 Ba7 7. Nbd2 d6 8. h3
O-O 9. Nf1 {Nowadays this idea of postponing castles becomes more and more
popular. However after a quick reaction in the [+] Black has sufficient
counterplay.} d5 (9... Be6 10. Ng3 (10. Ne3 h6 11. O-O d5 12. exd5 Nxd5 13. Ng4
{The main target is >< e5 here.} Qd6 14. Re1 f6 15. Nd2 Qd7 $13 ({The careless
} 15... Rfe8 $6 {is immediately punished by} 16. Ne4 $1 Qd8 17. Bxh6 $1 $18 {
Kobalija-Giorgadze, Frankfurt Ordix op rapid 1999})) 10... h6 11. O-O (11. Nh2
{/\ Qf3, Ng4, Nf5} Qd7 12. Qf3 Bxb3 13. axb3 Nh7 14. Ng4 Ne7 15. O-O c6 16. Ne3
Bxe3 {This is the correct solution, the B on e3 is less dangerous than the N.}
17. fxe3 g6 18. d4 h5 $11 {Kasimdzhanov-Piket, Hoogovens Wijk aan Zee 1999})
11... Bxb3 12. axb3 d5 13. Qe2 Qd7 14. Nh4 {/\ Qf3} Rad8 15. Qf3 dxe4 16. dxe4
Qe6 17. Nhf5 Kh7 {/\ Ng8, g6} 18. b4 Ng8 19. Qg4 Qg6 (19... g6 $2 {is inferior
due to} 20. Nxh6 $1 Nxh6 21. Qh4 $16) 20. Qe2 {(Yu Shaoteng-Jonkman, Corus-B
Wijk aan Zee 2002)} Nge7 $11) (9... Nh5 $5 {- Bauer-De Vreugt, Wijk aan Zee B
1999 CBM 69}) (9... h6 $6 {is running into White's main threat} 10. g4 $1 d5
11. g5 $1 $40 {- Rodriguez-Szmetan, Najdorf final KO 2000 CBM 79}) (9... Ne7 {
/\ Ng6} 10. Bg5 (10. Ng3 Ng6 (10... h6 11. O-O Ng6 {- 10...Ng6} (11... c6 12.
d4 Ng6 13. Be3 Qc7 14. a4 $14 {Bologan-Bjerke, Gausdal 1991})) 11. O-O h6 12.
d4 {White came first in the [+], which is usually favourable for him.} c6 (
12... exd4 {giving up the [+] is usually risky.} 13. cxd4 d5 14. e5 Ne4 15. Bc2
{and Black cannot hold his N on e4.} Nh4 16. Nxe4 dxe4 17. Bxe4 Nxf3+ 18. Qxf3
Qxd4 19. Bf4 $16 {Bologan-Westerinen, Gausdal 1991})) 10... Ng6 11. Nh4 Kh8 (
11... Nf4 $5) 12. Nf5 h6 13. h4 {This idea is too sophysticated, although
quite original.} Nf4 $1 {Black is preparing his counterattack.} (13... Bxf5 14.
exf5 Nf4 15. Qf3 hxg5 16. hxg5+ Nh7 17. g6 fxg6 18. fxg6 Bxf2+ $1 (18... Nxg6
$4 19. Rxh7+) 19. Kd1 $1 Bh4 $1 20. gxh7 $16) 14. g3 Ng2+ $1 {looks risky, and
humans don't like to put their pieces into a "trap".} (14... Ne6 $2 15. N1e3
Nxg5 16. hxg5 Nh7 17. f4 $16 {Komliakov-V.Ivanov, Moscow 1994}) 15. Ke2 (15.
Kd2 d5 $1 $17 (15... hxg5 16. hxg5+ $18)) 15... hxg5 16. hxg5+ Nh7 17. Kf3 (17.
N1e3 Bxe3 $1 (17... Nxe3 18. g6 Nxf5 19. Rxh7+ Kg8 20. exf5 $18) 18. fxe3 Bxf5
19. exf5 Qxg5 $17) 17... Bxf5 18. exf5 Qxg5 19. Kxg2 Qxf5 $15 {and finally
Black has won material.}) 10. Qe2 (10. Ng3 {allowing the exchange of the Q may
lead to a quick draw.} dxe4 11. dxe4 Qxd1+ 12. Bxd1 h6 13. O-O Be6 14. b3 Rfd8
15. Bc2 a5 16. Bb2 a4 17. Rad1 Rxd1 18. Rxd1 Bb6 $11 {V.Atlas-Z.Almasi,
AUT-chT Austria 1997}) (10. exd5 {gives up the [+], when White is halfway of
finishing his development.} Nxd5 11. Ng3 Be6 12. O-O f6 13. Qe2 Re8 14. Qe4 Qd7
15. Bd2 Rad8 {Black has built up a strong central formation yielding him the
space advantage.} 16. Rad1 Qf7 $13 {Kofidis-Stefansson, Athens op 1993}) 10...
dxe4 (10... d4 {opens up the a2-g8 /^ for the B.} 11. Ng3 Qd6 12. O-O Bd7 13.
Nh4 Ne7 14. Kh2 dxc3 15. bxc3 Bb5 16. Bc2 Rfd8 17. Rd1 {White can hold his
weak d3 P, and has good prospects on the >>.} Qc5 18. a4 Qxc3 19. Ra3 Qc5 20.
axb5 axb5 21. Rb3 $16 {Jaracz-Krasenkov, POL-ch 58th Warsaw 2001}) (10... Re8 {
- A.Rodriguez-Flores, Najdorf final K.O. Buenos Aires, 2000 CBM 79}) (10... Qd6
11. Ng3 d4 (11... Be6 12. Ng5 {White gets now the ^^.} Ne7 13. O-O Ng6 14. Nh5
Nd7 15. Nxe6 fxe6 16. Be3 Nf6 17. Nxf6+ Rxf6 18. Bxa7 Rxa7 19. g3 c6 20. d4 Rf7
21. Rae1 $14 {Macieja-Acs, Budapest FS02 GM 1996}) 12. O-O Be6 13. Nh4 {>< f5}
Ne7 14. Bg5 Ne8 15. cxd4 Bxd4 16. Bxe7 Qxe7 17. Nhf5 Qd7 18. Bxe6 fxe6 19. Nxd4
Qxd4 {and the P structure cannot be better for White because of the backward P
on d3.} 20. Qc2 Rd8 21. Qb3 Qb6 22. Qxb6 cxb6 23. Rfd1 Rf7 24. Kf1 Rfd7 $11 {
Macieja-I.Sokolov, Elista ol (Men) 1998}) (10... h6 {is again dubious in view
of the standard} 11. g4 dxe4 12. dxe4 Be6 13. g5 $5 (13. Ng3 $6 Nd7 {
(Rossi-Bykhovsky, Reggio Emilia 1981)} 14. g5 $1 $40)) 11. dxe4 Nh5 12. g3 Nf6
13. g4 {provoking this move by losing a tempo is not a big deal.} (13. Bc2 {
is not important here.} Qe7 14. Be3 Rd8 15. Bxa7 Rxa7 16. Ne3 g6 17. Nd2 Be6
18. f4 exf4 19. gxf4 Raa8 20. Qf2 Re8 21. O-O-O Bxa2 22. e5 Nh5 23. Rdg1 Kh8
24. Bd1 Nxf4 25. Qxf4 Nxe5 $13 {Jaracz-Narciso Dublan, EU-ch 2nd Ohrid 2001}) (
13. Bg5 h6 14. Rd1 Qe7 $11) 13... Nd7 $6 {/\ Nc5-e6, but this is a
time-consuming operation.} (13... Qe7 {/\ Be6 looks better.} 14. Ne3 (14. Bg5
Rd8 15. Ng3 (15. Ne3 Bxe3 16. Qxe3 Be6) 15... h6 $11) 14... Bxe3 $1 {The same
motif again and again.} 15. Bxe3 Be6 $11) 14. Ne3 Nc5 15. Bc2 a5 {/\ b6, Ba6
but this costs again precious time.} (15... Ne6 16. Nf5 $14) 16. O-O (16. Nf5
Kh8 (16... b6 17. Bg5 f6 18. Rd1 Qe8 19. Be3 Ba6 20. Bb3+ Kh8 $13)) 16... b6
17. Rd1 Ba6 18. Qe1 Qf6 19. Kg2 {both >< d5 and f5 are vulnerable} (19. Nf5
Rad8 20. Bg5 Rxd1 21. Rxd1 Qe6) 19... Ne7 $2 {Now White grabs the |^ with
series of forceful moves!} (19... Qe6 20. Nd5 Rac8 21. b4 Nd7 22. Bb3 $16) 20.
g5 $1 Qe6 (20... Qg6 21. Nd5 $16) 21. b4 $1 axb4 22. cxb4 Nb7 23. Nd5 $1 Rac8
24. Bb3 Nxd5 25. b5 $1 {winning a piece.} 1-0